|
|
|
|
| LEADER |
00000nab a2200000 ar4500 |
| 001 |
vtls008775245 |
| 003 |
SK-MaSNL |
| 005 |
20260304171554.0 |
| 008 |
250505c2006 xo br|p|||||||000 b|slo |
| 015 |
|
|
|a SNBRB2006/06
|2 snkbucl
|
| 035 |
|
|
|a (sysno)vtls008775245
|
| 035 |
|
|
|a urn:nbn:sk:snk-ab7bb8
|
| 035 |
|
|
|a (uuid)58f97e17-b4f2-4a39-a112-16d6a6c28e12
|
| 035 |
|
|
|a (urnnbn)urn:nbn:sk:snk:ar-a07g9b
|
| 038 |
|
|
|a SNKBUCL
|
| 040 |
|
|
|a SNKBUCL
|b slo
|c SNKBUCL
|e AACR2
|
| 041 |
0 |
|
|a slo
|
| 044 |
|
|
|a xo
|c SK
|
| 080 |
|
|
|a 791.43
|x (73+430)
|2 2001
|
| 100 |
1 |
|
|a Daniška, Jaroslav,
|d 1977-
|4 aut
|9 12499
|
| 245 |
1 |
0 |
|a Totalita naruby
|c Jaroslav Daniška
|
| 630 |
0 |
7 |
|a V ako vendeta (film)
|2 snkbucl
|9 1247581
|
| 655 |
|
7 |
|a recenzie
|2 snkbucl
|9 21907
|
| 773 |
0 |
|
|t Impulz
|g Roč. 2, č. 2 (2006), s. 124-126
|x 1336-6955
|
| 850 |
|
|
|a Slovenská národná knižnica
|
| 852 |
|
|
|a Slovenská národná knižnica
|
| 954 |
|
|
|a odborná, vedecká literatúra cudzojazyčná (svetová)
|2 lita
|
| 958 |
|
|
|a article2022
|
| 958 |
|
|
|a RC
|
| 958 |
|
|
|a US
|
| 958 |
|
|
|a DE
|
| 958 |
|
|
|a OND
|
| 958 |
|
|
|a EUIPO
|
| 999 |
|
|
|c 2994213
|d 2996143
|